02011nam a2200421 u 450000100070000000500170000700800410002403500110006504000130007604100080008908000060009708000090010308200080011210000500012024501920017026000430036230000140040565000400041965000320045965000330049165000590052465000400058365000430062365000370066665000410070365000340074465000380077865000340081670000510085070000490090170000590095094200100100999900190101950001150103895201640115395201210131795201510143845993920260506082913.0990616s1999 ||||||m| spa  a459939 ccomduadb aspa aM aR/CD 4a36210aBarrera Pérez, Luz Helena4auteaut949561110aArticulacion de la dimension social en las autorias ambientales en la etapa de construccion de lineas electricas : linea a 230kv La Virginia-La Hermosa Interconexion Electrica S.A. E.S.P. aMedellín :b[sin publicador],c1999. a168 hojas 7aParticipación social2lemb940633 aVirginia (Risaralda)957315 0aAuditoría ambiental952847 aInterconexión Eléctrica (Empresa Comercial)943878 aImpacto ambiental - España941885 7aParticipación comunitaria2lemb9574 7aGestión ambiental2lemb936466 7aLegislación ambiental2Ocde950163 7aPolítica ambiental2943848 7aLíneas eléctricas2lemb92814 aProyectos eléctricos92220710aIsaza Cruz, Claudia Patricia4auteaut929480810aPulgarin Ruiz, Juan Miguel4auteaut932084110aRamírez Valencia, Mónica María4auteaut9495613 cTESIS c115935d115935 aTesis (Especialista en Gerencia del Desarrollo Social). Universidad de Antioquia - Título del grado otorgado 001040708TESISBCaBCbBCd1999-06-16eMaterial adquirido por donacióniC526796l0o362.8 A791p6-10000003319218r2023-04-22 00:00:00t1w2023-04-22yTESIS 001040708GENERALaCISHbCISHd2007-06-19iC953742l0oM-03021p0621217r2023-04-22 00:00:00t2w2023-04-22yTESIS 001040708DIGITALaCISHbCISHd2018-10-05eMaterial adquirido por donacióniC1297081l0oR/CD-05034r2023-04-22 00:00:00t3w2023-04-22yTESIS